| LEADER |
01029nam0a2200229 450 |
| 001 |
16834287 |
| 010 |
|
|
|a 2-07-054197-5
|b Cart.
|d 79 F
|
| 100 |
|
|
|a 20000726d2000 u u0frey01 ba
|
| 101 |
1 |
|
|a fre
|c eng
|
| 102 |
|
|
|a FR
|
| 200 |
0 |
|
|a Vaincre l'Everest toit du monde
|f Richard Platt
|g ill. Russell Barnett, John James - trad. de l'anglais Jean Esch - collab. Yves Ballu
|
| 207 |
|
1 |
|a
|
| 210 |
|
|
|a Paris
|b 5 rue Sébastien Bottin.
|c Gallimard
|d 2000
|
| 215 |
|
|
|a 48 p.
|c ill. en coul.
|d 29 cm
|
| 225 |
1 |
|
|a Les yeux de l'histoire
|
| 330 |
|
|
|a Ce récit de la longue et passionnante conquête de l'Everest est aussi l'histoire de l'alpinisme, qui commence à la fin du XVIIIe siècle. Des repères chiffrés et datés, des témoignages, des cartes, des chronologies.
|
| 700 |
|
0 |
|a Platt
|b Richard
|4 70
|
| 702 |
|
0 |
|a Barnet
|b Russell
|4 440
|
| 702 |
|
0 |
|a James
|b John
|4 440
|
| 900 |
|
|
|a Documentaire jeunesse
|
| 901 |
|
|
|a Accessible au prêt
|
| 995 |
|
|
|a BD 13
|b 156
|c Bibliothèque
|f 00156003583903
|h 00156003583903
|k E 796.52 PLA
|o p
|q j
|r az
|e BD 13
|